000 00564nam a2200193 i 4500
001 112709
003 ES-MaACL
005 20240202063018.0
007 t|
008 061121s1978 sp r ||||1| spa d
100 1 _aMurciano, Carlos,
_d1931-
_9153351
245 1 3 _aLa noche santa /
_cCarlos Murciano ; prólogo de Luis Rosales.
250 _a1ª ed.
260 _aPalencia :
_bAbad Herrero,
_c1978.
300 _a115 p. ;
_c18 cm.
700 1 _aRosales, Luis,
_d1910-1992
_999644
852 _aES-MaACL
_jA-8982
_bR.97645
999 _c112709
_d112709